000 01505nam0a22003731 4500
001 v19\rc\1497033
005 20260406144431.0
035 _a(NLR Aleph) 004625129
090 _a3092334
_c3092334
100 _a20060620d1881 |||y0rusy50 ca
101 0 _arus
102 _aRU
105 _ac z |||cb
200 1 _aКонстантин Дмитриевич Ушинский
_eКрат. биогр. очерк
_eС грав. портр.
_fСост. А. Фролков
210 _aСанкт-Петербург
_cтип. М.М. Стасюлевича
_d1881
215 _a[4], 66 с., 1 л. портр.
_d24
316 _aЭкз. РНБ (131/1755): деф.: отсутств. 1 л. портр.
_5NLR: 131/1755
320 _aБиблиогр.: "Список сочинений К.Д. Ушинского, разбросанных по журналам и газетам" (с. 64-65)
700 1 _aФролков
_bА.Ф.
_gАлександр Федорович
_4220
702 1 _4570
_8rus
_7ca
_aУшинский
_bК. Д.
_f1823-1871
_gКонстантин Дмитриевич
_3RU\NLR\AUTH\774237
_9114219
801 0 _aRU
_bNLR
_gpsbo
801 0 _aRU
_bRuMoRGB
_2psbo
801 1 _aRU
_bProSoft-M
_2rusmarc
801 2 _aRU
_bNLR
_c20130611
_2rusmarc
852 _aNLR
_j18.154.2.116
852 _aNLR
_j131/1755
899 _aRuMoRGB
_jT 26/452
899 _aRuMoRGB
_jO 54/1001
899 _aБАН
899 _aНБ СПбГУ
899 _aГПИБ
899 _aНБ МГУ
942 _cBOOK
980 _aNB